| 000 | 00698cam a2200229 a 4500 | ||
|---|---|---|---|
| 001 | 13277794 | ||
| 005 | 20180820071254.0 | ||
| 008 | 030716s2005 maua b 001 0 eng | ||
| 010 | _a 2003110109 | ||
| 020 | _a0618379770 | ||
| 040 |
_aDLC _cDLC _dDLC |
||
| 041 | _aeng | ||
| 080 | _a37 | ||
| 082 | _237 | ||
| 100 | 1 | _a46 | |
| 101 | _aEDU | ||
| 245 | 1 | 0 |
_aOn course : _cSkip Downing. |
| 504 | _aIncludes bibliographical references (p. 235-237) and index. | ||
| 906 |
_a7 _bcbc _corignew _d2 _eepcn _f20 _gy-gencatlg |
||
| 942 |
_2ddc _cBK |
||
| 999 |
_c47236 _d47236 |
||